000
00203 a2200097 4500
001
9185
100
_a
Roskill, C S W
245
_a
Streategy of sea power
260
_a
_b
Collins
_c
090
_c
7360
_d
7360
942
_a
NUST-CAE
_c
M
_c
34001
999
_c
244258
_d
244258